[Event "DRUZYNOWE MISTRZOSTWA POLSKI JUNIOROW - II LIGA"]
[Site "Szczyrk, CKiR Orle Gniazdo ul. Wrzosowa 28a"]
[Date "2014-07-27"]
[Round "4.80"]
[White "Tustanowski, Mateusz"]
[Black "Wloch, Mikolaj"]
[Result "1-0"]
[WhiteTitle "I"]
[BlackTitle "II"]
[WhiteElo "1760"]
[BlackElo "1482"]

1. e4 c5 2. Nc3 Nc6 3. f4 g6 4. Nf3 Bg7 5. Bc4 Nf6 6. d3 d6 7. a3 O-O 8. O-O e6
9. Qe1 d5 10. Ba2 b6 11. Qh4 Nd4 12. Rf2 Bb7 13. e5 Nxf3+ 14. Rxf3 Nd7 15. Qh3
a6 16. g4 Rc8 17. g5 d4 18. Ne4 Bxe4 19. dxe4 c4 20. Qh4 h5 21. Bd2 Nc5 22. Qe1
b5 23. Rd1 Na4 24. b3 Nb2 25. Ba5 Qd7 26. Rd2 Qa7 27. Qf2 cxb3 28. Bxb3 Nc4 29.
Bxc4 Rxc4 30. c3 Qb7 31. Rxd4 Qc6 32. Rfd3 Rxd4 33. Qxd4 Rc8 34. Qd7 Qc5+ 35.
Rd4 Ra8 36. Qb7 Re8 37. Bb4 Qc8 38. Rd7 1-0

[Event "DRUZYNOWE MISTRZOSTWA POLSKI JUNIOROW - II LIGA"]
[Site "Szczyrk, CKiR Orle Gniazdo ul. Wrzosowa 28a"]
[Date "2014-07-27"]
[Round "4.81"]
[White "Bawej, Jakub"]
[Black "Kukula, Karol"]
[Result "0-1"]
[WhiteTitle "III"]
[BlackTitle "II"]
[WhiteElo "1349"]
[BlackElo "1299"]

1. d4 d5 2. c4 e6 3. e3 Nf6 4. Nc3 Be7 5. Nf3 O-O 6. Be2 dxc4 7. Bxc4 b6 8. O-O
Bb7 9. Ne5 Nbd7 10. f4 Ne4 11. Nxe4 Bxe4 12. Qh5 Nxe5 13. Qxe5 Bg6 14. Qb5 Qd6
15. Qb3 Qb4 16. Qxb4 Bxb4 17. a3 Be7 18. Bd2 Rad8 19. Bc3 c5 20. dxc5 Bxc5 21.
Rfe1 Bd3 22. Bb3 Be4 23. Kf2 Rd6 24. Be5 Rd2+ 25. Kg1 Rxg2+ 26. Kf1 Rxh2 27. Kg1
Rh1+ 28. Kf2 Rxe1 29. Rxe1 Rd8 30. Bc3 h5 31. Rg1 g6 32. Ke2 Rd3 33. Rg3 Bf5 34.
Bc2 Rxc3 35. bxc3 Bxc2 36. Kd2 Be4 37. a4 a5 38. c4 Bc6 39. Kc3 Bxa4 40. e4 Bc6
41. e5 h4 42. Rh3 Bf2 43. Kd3 Bg3 44. Ke3 a4 45. Kd2 Bg2 46. Rxg3 hxg3 47. Ke2
a3 48. c5 a2 49. cxb6 a1=Q 50. b7 Bxb7 51. f5 exf5 52. e6 fxe6 53. Kd2 Qa3 54.
Ke2 Qf3+ 55. Kd2 g2 56. Kc2 g1=R 57. Kd2 Rg2+ 58. Ke1 Qe2# 0-1

[Event "DRUZYNOWE MISTRZOSTWA POLSKI JUNIOROW - II LIGA"]
[Site "Szczyrk, CKiR Orle Gniazdo ul. Wrzosowa 28a"]
[Date "2014-07-27"]
[Round "4.82"]
[White "Wojcik, Jagoda"]
[Black "Wloch, Dominika"]
[Result "1-0"]
[WhiteTitle "I"]
[BlackTitle "II"]
[WhiteElo "1379"]
[BlackElo "1235"]

1. e4 e5 2. Nf3 Nf6 3. Nxe5 d6 4. Nf3 Nxe4 5. Nc3 Nxc3 6. dxc3 Be7 7. Bd3 Nc6 8.
Bf4 Be6 9. Qd2 Qd7 10. O-O O-O-O 11. Ng5 Bxg5 12. Bxg5 f6 13. Be3 g5 14. Bb5 Kb8
15. Bd4 Bh3 16. Qe3 Bf5 17. Bxf6 Rde8 18. Qd2 Rhf8 19. Bd4 Be4 20. f3 Bf5 21.
Rae1 g4 22. Rxe8+ Rxe8 23. Bd3 Nxd4 24. cxd4 Bxd3 25. Qxd3 gxf3 26. Qxf3 Qa4 27.
Qc3 Qxa2 28. b3 Qa6 29. Qd2 b6 30. Qf2 Qe2 31. Qf7 Qe7 32. Qf2 Qe2 33. Qf7 Qe7
34. Qc4 Qe3+ 35. Kh1 Qe2 36. Qxe2 Rxe2 37. h4 Rxc2 38. Rf7 Rd2 39. Rxh7 Rxd4 40.
Kh2 Kc8 41. h5 c5 42. h6 Rh4+ 43. Kg3 Rh1 44. Kf3 a5 45. Rh8+ Kd7 46. h7 d5 47.
Ra8 Rxh7 48. Ra7+ Kc6 49. Rxh7 c4 50. bxc4 dxc4 51. g4 c3 52. g5 c2 53. Rh1 b5
54. g6 b4 55. g7 b3 56. g8=Q b2 57. Qc8+ Kb5 58. Qxc2 a4 59. Qxb2+ Ka5 60. Rh8
Ka6 61. Ra8# 1-0

[Event "DRUZYNOWE MISTRZOSTWA POLSKI JUNIOROW - II LIGA"]
[Site "Szczyrk, CKiR Orle Gniazdo ul. Wrzosowa 28a"]
[Date "2014-07-27"]
[Round "4.84"]
[White "Karpacz, Piotr"]
[Black "Rudecki, Bartosz"]
[Result "1/2-1/2"]
[WhiteTitle "II+"]
[BlackTitle "II+"]
[WhiteElo "1761"]
[BlackElo "1578"]

1. d4 c5 2. c3 cxd4 3. cxd4 d5 4. Nc3 Nc6 5. Bf4 e6 6. e3 Nf6 7. Bd3 Bd6 8. Bg5
a6 9. Rc1 h6 10. Bh4 Be7 11. Nf3 O-O 12. O-O Bd7 13. Nd2 Rc8 14. Nb3 Na5 15. Nxa5
Qxa5 16. Qd2 Ne4 17. Nxe4 Qxd2 18. Nxd2 Bxh4 19. Nb3 b6 20. a3 a5 21. Nd2 Be7
22. f4 Rxc1 23. Rxc1 Rc8 24. Rxc8+ Bxc8 25. Bb5 Bd6 26. Nf3 f6 27. Nd2 Kf7 28.
Nb1 Ke7 29. Nc3 Bd7 30. Ba6 Bc6 31. Kf2 Bd7 32. Kf3 Kf7 33. Kf2 Ke7 34. Kf3 Kf7
35. Kf2 Ke7 36. Kf3 Kf7 1/2-1/2

[Event "DRUZYNOWE MISTRZOSTWA POLSKI JUNIOROW - II LIGA"]
[Site "Szczyrk, CKiR Orle Gniazdo ul. Wrzosowa 28a"]
[Date "2014-07-27"]
[Round "4.85"]
[White "Gajewski, Marcin"]
[Black "Skierski, Jacek"]
[Result "1/2-1/2"]
[WhiteTitle "II"]
[BlackTitle "II"]
[WhiteElo "1415"]
[BlackElo "1547"]

1. Nf3 d5 2. g3 c5 3. Bg2 Nc6 4. O-O Nf6 5. d3 e5 6. Nbd2 Bd6 7. e4 d4 8. a4 Be6
9. Nh4 O-O 10. Qe2 Qc7 11. Nc4 Bxc4 12. dxc4 Nd7 13. Nf5 f6 14. Qg4 Nb6 15. b3
Nb4 16. Bh6 Rf7 17. Bxg7 Rxg7 18. Nxg7 Qxg7 19. Qe6+ Kh8 20. Qxd6 Nxc2 21. Rab1
Qf8 22. Qe6 Rd8 23. Rfd1 Na8 24. Rb2 Nc7 25. Qg4 Nb4 26. Bf1 Qe7 27. Bd3 Ne6 28.
h4 Rg8 29. Qf3 Qg7 30. Kh2 Qh6 31. Rdd2 Nf4 32. Bf1 Qg6 33. Bg2 Nh5 34. Bh3 Ng7
35. Rd1 a5 36. Rg1 Qh6 37. Rd1 Rd8 38. Bf1 Rg8 39. Bh3 Rd8 40. Bf5 Rg8 41. Rg1
Nc6 42. Bh3 Nb4 43. Bf5 1/2-1/2

[Event "DRUZYNOWE MISTRZOSTWA POLSKI JUNIOROW - II LIGA"]
[Site "Szczyrk, CKiR Orle Gniazdo ul. Wrzosowa 28a"]
[Date "2014-07-27"]
[Round "4.86"]
[White "Sulkowski, Andrzej"]
[Black "Gondro, Kacper"]
[Result "1-0"]
[WhiteTitle "I"]
[BlackTitle "II"]
[WhiteElo "1615"]
[BlackElo "1514"]

1. d4 d5 2. c4 e6 3. cxd5 exd5 4. Nc3 Nf6 5. Bg5 c6 6. Qc2 Bd6 7. e3 Nbd7 8. Bd3
O-O 9. Bxh7+ Kh8 10. Bd3 Re8 11. Nf3 Nf8 12. O-O Ne6 13. Bh4 g6 14. Ne5 Qe7 15.
Bxg6 Bxe5 16. dxe5 1-0

[Event "DRUZYNOWE MISTRZOSTWA POLSKI JUNIOROW - II LIGA"]
[Site "Szczyrk, CKiR Orle Gniazdo ul. Wrzosowa 28a"]
[Date "2014-07-27"]
[Round "4.87"]
[White "Kucharski, Daniel"]
[Black "Mlynarski, Jedrzej"]
[Result "1/2-1/2"]
[WhiteTitle "II"]
[BlackTitle "II"]
[WhiteElo "1364"]
[BlackElo "1455"]

1. e4 e6 2. d4 d5 3. exd5 exd5 4. Bd3 Bd6 5. Qf3 Ne7 6. Ne2 O-O 7. O-O c6 8. c3
Qc7 9. Bf4 Nd7 10. Bxd6 Qxd6 11. b4 Nf6 12. h3 Ng6 13. Bxg6 fxg6 14. Qg3 Qxg3
15. Nxg3 Bd7 16. Nd2 Nh5 17. Nxh5 gxh5 18. a4 Rae8 19. Rae1 g5 20. Re3 Rxe3 21.
fxe3 Rxf1+ 22. Kxf1 g4 23. hxg4 hxg4 24. g3 Kf7 25. Kf2 Bf5 26. c4 Kg6 27. cxd5
cxd5 28. Nb3 b6 29. a5 Kg5 30. axb6 axb6 31. Nd2 h5 32. Nf1 h4 33. gxh4+ Kxh4
34. Ng3 Bd3 35. Nh1 Kh3 36. Ng3 Kh2 37. Nh5 Bc4 38. Ng3 Kh3 39. Nh1 Bf1 40. Ng3
Bg2 41. Nh5 Bf3 42. Ng3 Kh4 43. Nf1 Be4 44. Ng3 Bd3 45. Nh1 Be4 46. Ng3 1/2-1/2

[Event "DRUZYNOWE MISTRZOSTWA POLSKI JUNIOROW - II LIGA"]
[Site "Szczyrk, CKiR Orle Gniazdo ul. Wrzosowa 28a"]
[Date "2014-07-27"]
[Round "4.90"]
[White "Slany, Wiktor"]
[Black "Kaluzny, Tomasz"]
[Result "0-1"]
[WhiteTitle "II+"]
[BlackTitle "I"]
[WhiteElo "1737"]
[BlackElo "1765"]

1. e4 c5 2. Nf3 Nc6 3. d4 cxd4 4. Nxd4 Nf6 5. Nc3 d6 6. Bc4 e6 7. Be3 a6 8. Bb3
Qc7 9. Qe2 Be7 10. O-O-O O-O 11. g4 b5 12. g5 Ne8 13. f4 b4 14. Na4 Na5 15. f5
Nxb3+ 16. axb3 d5 17. f6 Bd6 18. exd5 exd5 19. Nf3 Bf4 20. Nb6 Qxb6 21. Bxf4 Bb7
22. Nd4 a5 23. Be5 a4 24. bxa4 Rxa4 25. Nb3 Nd6 26. Bd4 Qc6 27. fxg7 Rfa8 28.
g6 hxg6 29. Rhf1 Ne4 30. Nd2 Ra1+ 31. Nb1 b3 32. c3 Rxb1+ 0-1

[Event "DRUZYNOWE MISTRZOSTWA POLSKI JUNIOROW - II LIGA"]
[Site "Szczyrk, CKiR Orle Gniazdo ul. Wrzosowa 28a"]
[Date "2014-07-27"]
[Round "4.91"]
[White "Kaluzny, Jan"]
[Black "Blaszczak, Jedrzej"]
[Result "1/2-1/2"]
[WhiteTitle "II"]
[BlackTitle "II"]
[WhiteElo "1367"]
[BlackElo "1569"]

1. e4 d6 2. d4 Nf6 3. Nc3 g6 4. Nf3 Bg7 5. h3 c5 6. dxc5 Qa5 7. Bd2 Qxc5 8. Be2
O-O 9. O-O Nc6 10. Na4 Qh5 11. Ng5 Qh4 12. g3 Qh6 13. h4 Nd4 14. Ne6 Nxe2+ 15.
Qxe2 Qh5 16. Qxh5 gxh5 17. Nxf8 Nxe4 18. Bc3 Nxc3 19. Nxc3 Kxf8 20. Rfe1 Bxc3
21. bxc3 Bf5 22. Re3 Bxc2 23. Rc1 Bf5 24. c4 Rc8 25. Rec3 Be6 26. a4 Rc5 27. Rb3
b6 28. Rb5 Rxc4 29. Rxc4 Bxc4 30. Rxh5 Kg7 31. Kg2 f6 32. Rf5 e6 33. Rf4 d5 34.
Rd4 e5 35. Rd1 Bb3 36. Rc1 Bxa4 37. Rc7+ Kg6 38. Rxa7 b5 39. Kf3 Bb3 40. Ke3 d4+
41. Kd2 h5 42. Rd7 Kf5 43. f4 Bc4 44. Rd6 b4 45. Rc6 b3 46. Rb6 Bd5 47. Ke2 d3+
48. Kxd3 Bf3 49. Rxb3 Kg4 50. Rb6 Kxg3 51. Rxf6 e4+ 52. Ke3 Kxh4 1/2-1/2

[Event "DRUZYNOWE MISTRZOSTWA POLSKI JUNIOROW - II LIGA"]
[Site "Szczyrk, CKiR Orle Gniazdo ul. Wrzosowa 28a"]
[Date "2014-07-27"]
[Round "4.92"]
[White "Burzak, Wojciech"]
[Black "Niemier, Hubert"]
[Result "1/2-1/2"]
[WhiteTitle "II"]
[BlackTitle "II"]
[WhiteElo "1401"]
[BlackElo "1413"]

1. e4 c6 2. d4 d5 3. exd5 cxd5 4. Bd3 Nc6 5. c3 Qc7 6. Ne2 Bg4 7. f3 Bh5 8. Bf4
Qd7 9. Nd2 e6 10. Nb3 b6 11. O-O Bd6 12. Bxd6 Qxd6 13. Ng3 Bg6 14. a4 Nge7 15.
Re1 O-O 16. a5 Nxa5 17. Nxa5 bxa5 18. Rxa5 Qb6 19. Rb5 Qc7 20. Rc5 Qb6 21. Bxg6
Nxg6 22. b4 a5 23. Qb3 axb4 24. cxb4 Rfb8 25. Rb1 Nf8 26. Qc3 Ra4 27. b5 Nd7 28.
Rc8+ Rxc8 29. Qxc8+ Nf8 30. Qc5 Nd7 31. Qc8+ Nf8 32. Qc5 Nd7 33. Qc8+ 1/2-1/2

[Event "DRUZYNOWE MISTRZOSTWA POLSKI JUNIOROW - II LIGA"]
[Site "Szczyrk, CKiR Orle Gniazdo ul. Wrzosowa 28a"]
[Date "2014-07-27"]
[Round "4.94"]
[White "Kubicka, Anna"]
[Black "Walkowiak, Bogumila"]
[Result "1-0"]
[WhiteTitle "I++"]
[BlackTitle "II"]
[WhiteElo "1760"]
[BlackElo "1240"]

1. e4 e5 2. Bc4 Nf6 3. d3 Bc5 4. Nf3 Nc6 5. c3 d6 6. Bb3 Bb6 7. Nbd2 O-O 8. Nf1
Ne7 9. Ng3 Ng6 10. O-O Be6 11. Ng5 Bxb3 12. axb3 h6 13. Nh3 Nh7 14. Kh1 Ng5 15.
Qh5 Nxh3 16. Qxh3 Nf4 17. Qg4 Qf6 18. Nf5 g5 19. h4 Kh7 20. g3 Ne6 21. hxg5 Nxg5
22. f4 Ne6 23. fxe5 Qg6 24. Qh4 h5 25. Nh6 dxe5 26. Rf6 Qg7 27. Qxh5 1-0

[Event "DRUZYNOWE MISTRZOSTWA POLSKI JUNIOROW - II LIGA"]
[Site "Szczyrk, CKiR Orle Gniazdo ul. Wrzosowa 28a"]
[Date "2014-07-27"]
[Round "4.95"]
[White "Ciesinska, Weronika"]
[Black "Gil, Oliwia"]
[Result "1-0"]
[WhiteTitle "II"]
[BlackTitle "II"]
[WhiteElo "1369"]
[BlackElo "1307"]

1. e4 e5 2. Nf3 Nf6 3. Bc4 Nc6 4. d3 h6 5. O-O Bc5 6. c3 O-O 7. h3 d6 8. Bb3 Bb6
9. Re1 Re8 10. Nbd2 a6 11. Nf1 Bd7 12. Ng3 Ne7 13. Nh4 Qc8 14. Qf3 Be6 15. Bxh6
Bxb3 16. axb3 Qe6 17. Bg5 Nh7 18. Bxe7 Rxe7 19. Ngf5 Ree8 20. Qg4 Qf6 21. Kh2
Ng5 22. Rf1 Ne6 23. Ne3 Qf4+ 24. g3 Qxg4 25. Nxg4 Nc5 26. Rad1 Nxb3 27. f4 exf4
28. Rxf4 g5 29. Nf6+ Kh8 30. Nxe8 Rxe8 31. Rxf7 gxh4 32. gxh4 Nc5 33. h5 Ne6 34.
h6 Rf8 35. Rdf1 Rxf7 36. Rxf7 Kg8 37. Rf3 Kh7 38. Kg3 c6 39. Kg4 Bd8 40. d4 Kxh6
41. Rf5 Ng7 42. Rf8 Ne6 43. Re8 1-0

[Event "DRUZYNOWE MISTRZOSTWA POLSKI JUNIOROW - II LIGA"]
[Site "Szczyrk, CKiR Orle Gniazdo ul. Wrzosowa 28a"]
[Date "2014-07-27"]
[Round "4.96"]
[White "Kalmuk, Krzysztof"]
[Black "Koitka, Jakub"]
[Result "1-0"]
[WhiteTitle "I"]
[BlackTitle "I+"]
[WhiteElo "1934"]
[BlackElo "1994"]

1. d4 Nf6 2. Nf3 g6 3. g3 Bg7 4. Bg2 O-O 5. O-O d6 6. c4 Nbd7 7. Nc3 c6 8. h3 e5
9. e4 Qc7 10. Be3 Re8 11. Qc2 a5 12. Rac1 exd4 13. Nxd4 Ne5 14. b3 Nh5 15. Kh2
Nd7 16. Rfd1 Nc5 17. Qd2 Nf6 18. f3 Be6 19. Nxe6 Rxe6 20. h4 Ne8 21. Bh3 Re7 22.
Qf2 b6 23. Ne2 Rb8 24. Kg2 Ne6 25. h5 Nf6 26. hxg6 fxg6 27. Rd2 Rf8 28. Bxb6 Qb8
29. Qe3 Ng5 30. Qxg5 Qxb6 31. c5 Qb4 32. Rc4 h6 33. Qe3 Qb8 34. cxd6 Ree8 35.
Rxc6 g5 36. d7 Rd8 37. Be6+ Kh8 38. Qc5 g4 39. Nf4 gxf3+ 40. Kxf3 Nh7 41. Ke3
Ng5 42. Bf5 Kg8 43. Rc8 Qb7 44. Qd5+ Qxd5 45. Rxd5 Bf6 46. Ng6 Rf7 47. Rxa5 1-0

[Event "DRUZYNOWE MISTRZOSTWA POLSKI JUNIOROW - II LIGA"]
[Site "Szczyrk, CKiR Orle Gniazdo ul. Wrzosowa 28a"]
[Date "2014-07-27"]
[Round "4.97"]
[White "Witczak, Jakub"]
[Black "Sendobry, Adam"]
[Result "1-0"]
[WhiteTitle "I"]
[BlackTitle "II"]
[WhiteElo "1828"]
[BlackElo "1417"]

1. e4 e6 2. d4 d5 3. Nc3 Bb4 4. Nge2 dxe4 5. a3 Ba5 6. b4 Bb6 7. Nxe4 Nc6 8. c3
h6 9. g3 Nf6 10. Bg2 Nxe4 11. Bxe4 Ne7 12. Bb2 c6 13. O-O Nd5 14. c4 Nf6 15. Bg2
O-O 16. Qb3 Bd7 17. a4 Rc8 18. Rad1 Qe7 19. Rfe1 Rfe8 20. Nc3 Qf8 21. Ne4 Nxe4
22. Bxe4 Bc7 23. f4 Bd6 24. Bc3 Bc7 25. Kh1 f5 26. Bf3 g5 27. Bd2 gxf4 28. gxf4
Qf6 29. Rg1+ Kh7 30. d5 cxd5 31. cxd5 Bb6 32. Rg2 exd5 33. Bxd5 Bc6 34. Bc3 Qf8
35. Rg7+ Qxg7 36. Bxg7 Kxg7 37. Bxc6 Rxc6 38. Rd7+ 1-0

[Event "DRUZYNOWE MISTRZOSTWA POLSKI JUNIOROW - II LIGA"]
[Site "Szczyrk, CKiR Orle Gniazdo ul. Wrzosowa 28a"]
[Date "2014-07-27"]
[Round "4.98"]
[White "Koszewski, Daniel"]
[Black "Koziorowicz, Michal"]
[Result "0-1"]
[WhiteTitle "II"]
[BlackTitle "II"]
[WhiteElo "1511"]
[BlackElo "1406"]

1. e4 e5 2. Nf3 Nc6 3. Bc4 Bc5 4. O-O Nf6 5. d3 d5 6. exd5 Nxd5 7. h3 O-O 8. Re1
f6 9. Nc3 Be6 10. Nxd5 Bxd5 11. Bxd5+ Qxd5 12. Be3 Bxe3 13. Rxe3 Rad8 14. Qd2
Rd7 15. a3 Rfd8 16. Rae1 Na5 17. Qc3 Nc6 18. Qd2 Nd4 19. Nxd4 Qxd4 20. Qc3 Qxc3
21. bxc3 Rd6 22. Rb1 Rb6 23. Rb4 Kf7 24. Kf1 Rdd6 25. Ke2 Rdc6 26. Kd2 Rd6 27.
Re1 Rxb4 28. cxb4 Ra6 29. Ra1 Ra4 30. c4 c6 31. Kc3 b5 32. Kb3 Ke6 33. Re1 Kd7
34. f3 a5 35. cxb5 cxb5 36. Rd1 axb4 37. axb4 Ra6 38. d4 Rd6 39. Kc3 Rc6+ 40.
Kb3 Rd6 41. Kc3 Rd5 42. Rd3 Ke6 43. dxe5 Rxd3+ 44. Kxd3 Kxe5 45. g3 g5 46. Ke3
f5 47. f4+ gxf4+ 48. gxf4+ Kd5 49. Kd3 h6 50. h4 h5 51. Ke3 Kc4 52. Kd2 Kxb4 53.
Kc2 Kc4 54. Kb2 Kd4 55. Kb3 Ke4 0-1

[Event "DRUZYNOWE MISTRZOSTWA POLSKI JUNIOROW - II LIGA"]
[Site "Szczyrk, CKiR Orle Gniazdo ul. Wrzosowa 28a"]
[Date "2014-07-27"]
[Round "4.100"]
[White "Sendobry, Anna"]
[Black "Kaniowska, Anna"]
[Result "1/2-1/2"]
[WhiteTitle "II"]
[BlackTitle "II+"]
[WhiteElo "1368"]
[BlackElo "1363"]

1. e4 e5 2. Nf3 Nc6 3. Bb5 a6 4. Ba4 Nf6 5. O-O Be7 6. Re1 b5 7. Bb3 d6 8. h3 Na5
9. c3 Nxb3 10. axb3 O-O 11. b4 Bb7 12. d3 Re8 13. Nbd2 Bf8 14. Nb3 d5 15. exd5
Qxd5 16. Na5 Bc8 17. Be3 Bf5 18. d4 exd4 19. Nxd4 Bd7 20. Qf3 Qxf3 21. Nxf3 h6
22. Nb3 Bd6 23. Ra2 Nd5 24. Bd4 Rxe1+ 25. Nxe1 Be6 26. Ra3 f6 27. Nd3 Nf4 28.
Nxf4 Bxf4 29. Nc5 Bc8 30. Ra1 Kf7 31. b3 Bd6 32. c4 Bxc5 33. Bxc5 Bb7 34. Re1
Re8 35. Rxe8 Kxe8 36. f3 g6 37. Kf2 h5 38. Ke3 Kd7 39. Kd4 Bc6 40. Bf8 Ke6 41.
Kc5 Bd7 42. Bh6 f5 43. Bf4 c6 44. Kb6 Be8 45. Kxa6 Bd7 46. Kb6 Ke7 47. Kc5 Ke6
48. Kb6 Ke7 49. Kc5 Ke6 50. Kb6 Ke7 51. Kc5 Ke6 52. Kb6 1/2-1/2

[Event "DRUZYNOWE MISTRZOSTWA POLSKI JUNIOROW - II LIGA"]
[Site "Szczyrk, CKiR Orle Gniazdo ul. Wrzosowa 28a"]
[Date "2014-07-27"]
[Round "4.101"]
[White "Zalucka, Emilia"]
[Black "Kulpa, Zuzanna"]
[Result "0-1"]
[WhiteTitle "II"]
[BlackTitle "I"]
[WhiteElo "1159"]
[BlackElo "1435"]

1. e4 c6 2. d4 d5 3. exd5 cxd5 4. Bd3 Nc6 5. c3 Nf6 6. Bf4 Bg4 7. Nf3 e6 8. O-O
Qb6 9. b3 Be7 10. Nbd2 Rc8 11. Qc2 Nb4 12. Qb1 Rxc3 13. Ne5 Qxd4 14. Bb5+ Kf8
15. Rc1 Bc5 16. Be3 Rxe3 17. fxe3 Qxe5 18. a3 Bf5 19. Rc2 Nxc2 20. Qc1 Qxe3+ 21.
Kh1 Nxa1 22. b4 Ne4 0-1

[Event "DRUZYNOWE MISTRZOSTWA POLSKI JUNIOROW - II LIGA"]
[Site "Szczyrk, CKiR Orle Gniazdo ul. Wrzosowa 28a"]
[Date "2014-07-27"]
[Round "4.102"]
[White "Cieslak, Patrycjusz"]
[Black "Gladysz, Jakub"]
[Result "1/2-1/2"]
[WhiteTitle "I"]
[BlackTitle "I"]
[WhiteElo "1824"]
[BlackElo "1789"]

1. d4 d5 2. Nc3 e6 3. e4 dxe4 4. Nxe4 Nf6 5. Bg5 Be7 6. Bxf6 Bxf6 7. Nf3 O-O 8.
c3 b6 9. Bd3 Bb7 10. Qc2 h6 11. O-O-O Nd7 12. h4 Be7 13. g4 f5 14. gxf5 Rxf5 15.
Rh3 Qf8 16. Nfd2 a5 17. Rg1 Ba6 18. Qb3 Qf7 19. Bxa6 Rxa6 20. Rhg3 Bf8 21. Rg6
b5 22. Rxh6 a4 23. Qd1 b4 24. Qe2 Rb6 25. c4 e5 26. Rxb6 Nxb6 27. d5 Be7 28. Rg4
Nd7 29. Qe3 Nf6 30. Nxf6+ Qxf6 31. Ne4 Qa6 32. Ng5 Bxg5 33. hxg5 b3 34. Kb1 bxa2+
35. Kxa2 Qd6 36. Re4 Kf7 37. Rg4 Kg8 38. g6 Qb4 39. Kb1 a3 40. Qxa3 Qe1+ 41. Ka2
Rxf2 42. Rh4 Qf1 43. Qe7 Rxb2+ 44. Kxb2 Qe2+ 45. Ka1 Qe1+ 46. Ka2 Qe2+ 47. Ka3
Qe3+ 48. Kb4 Qb6+ 49. Ka4 Qa7+ 50. Kb3 Qe3+ 51. Kb4 Qb6+ 52. Kc3 Qe3+ 53. Kb2
Qe2+ 54. Kb3 Qe3+ 55. Ka4 Qa7+ 56. Kb5 Qb6+ 1/2-1/2

[Event "DRUZYNOWE MISTRZOSTWA POLSKI JUNIOROW - II LIGA"]
[Site "Szczyrk, CKiR Orle Gniazdo ul. Wrzosowa 28a"]
[Date "2014-07-27"]
[Round "4.103"]
[White "Wilk, Tomasz"]
[Black "Kucza, Jan"]
[Result "1-0"]
[WhiteTitle "I"]
[BlackTitle "II"]
[WhiteElo "1767"]
[BlackElo "1460"]

1. d4 d5 2. c4 e5 3. dxe5 d4 4. Nf3 Nc6 5. a3 Be6 6. e3 dxe3 7. Qxd8+ Rxd8 8. Bxe3
Nge7 9. Ng5 Nxe5 10. Nxe6 fxe6 11. Nc3 Nf5 12. Bg5 Be7 13. Bxe7 Kxe7 14. h3 Nd4
15. O-O-O Nb3+ 16. Kc2 Rxd1 17. Nxd1 Rd8 18. Ne3 Nc5 19. f3 Nc6 20. b4 Nd4+ 21.
Kb2 Na4+ 22. Kb1 Nb3 23. Kc2 Na1+ 24. Kb1 Nc3+ 25. Kb2 Nd1+ 26. Nxd1 Rxd1 27.
f4 Kf6 28. g4 e5 29. fxe5+ Kxe5 30. Kc3 Rc1+ 31. Kd2 Nb3+ 32. Kd3 Nd4 33. Bg2
Rxh1 34. Bxh1 b6 35. c5 b5 36. Be4 Ne6 37. Ke3 Ng5 38. Bc6 Nxh3 39. Bxb5 Kd5 40.
Bf1 Ng5 41. Bg2+ Ke5 42. a4 Ne6 43. Bf3 Nd4 44. Bd1 Kd5 45. Kd3 h6 46. Kc3 Ke5
47. Kc4 Ke4 48. b5 Ne6 49. a5 Nf8 50. g5 h5 51. Bxh5 1-0

[Event "DRUZYNOWE MISTRZOSTWA POLSKI JUNIOROW - II LIGA"]
[Site "Szczyrk, CKiR Orle Gniazdo ul. Wrzosowa 28a"]
[Date "2014-07-27"]
[Round "4.104"]
[White "Klementowski, Dawid"]
[Black "Zak, Piotr"]
[Result "1-0"]
[WhiteTitle "I"]
[BlackTitle "II"]
[WhiteElo "1659"]
[BlackElo "1328"]

1. e4 e5 2. d4 Nc6 3. Nf3 exd4 4. Bc4 d6 5. Nxd4 Nf6 6. Nc3 Be7 7. O-O O-O 8. Nxc6
bxc6 9. h3 Nd7 10. Be3 Ne5 11. Bb3 Bf6 12. f4 Ng6 13. Bd4 Qe7 14. Bxf6 Qxf6 15.
Qd2 Bb7 16. Rae1 Rad8 17. Kh2 a6 18. g3 Bc8 19. Qg2 Bd7 20. Rf2 Rde8 21. Ref1
Nh8 22. Rd1 Qd8 23. Qf1 Qc8 24. f5 Rd8 25. Rf4 Rfe8 26. Qf3 h6 27. Qh5 Kf8 28.
Rdf1 f6 29. Rg4 Re7 30. Qxh6 1-0

[Event "DRUZYNOWE MISTRZOSTWA POLSKI JUNIOROW - II LIGA"]
[Site "Szczyrk, CKiR Orle Gniazdo ul. Wrzosowa 28a"]
[Date "2014-07-27"]
[Round "4.105"]
[White "Bober, Tomasz"]
[Black "Posluszny, Tomasz"]
[Result "0-1"]
[WhiteTitle "II"]
[BlackTitle "II"]
[WhiteElo "1161"]
[BlackElo "1490"]

1. e4 Nf6 2. Nc3 d5 3. e5 Ne4 4. d4 Nxc3 5. bxc3 Bf5 6. Bd3 Qd7 7. Nf3 Bxd3 8.
Qxd3 e6 9. O-O Be7 10. Bg5 O-O 11. Bxe7 Qxe7 12. Qb5 b6 13. a4 Qd7 14. Qxd7 Nxd7
15. Nh4 Rac8 16. f4 c5 17. Ra2 cxd4 18. cxd4 Rc4 19. Nf3 Rfc8 20. Rc1 a5 21. Kf2
Nb8 22. Ke2 Rc3 23. Kd2 Na6 24. Rb2 Nb4 25. Rb3 Rxc2+ 26. Rxc2 Rxc2+ 27. Ke3 Rxg2
28. Rc3 g6 29. Rc8+ Kg7 30. Rc7 h6 31. Rb7 Ra2 32. Rxb6 Rxa4 33. Rb5 Ra3+ 34.
Ke2 Nc6 35. Rb6 Ne7 36. Rb2 Nf5 37. Kf2 a4 38. Ke2 Re3+ 39. Kf2 Rd3 40. Rb4 a3
41. Ra4 Kf8 42. Ke2 Rb3 0-1

[Event "DRUZYNOWE MISTRZOSTWA POLSKI JUNIOROW - II LIGA"]
[Site "Szczyrk, CKiR Orle Gniazdo ul. Wrzosowa 28a"]
[Date "2014-07-27"]
[Round "4.107"]
[White "Jurkiewicz, Zuzanna"]
[Black "Zniszczol, Wiktoria"]
[Result "1/2-1/2"]
[WhiteTitle "I"]
[BlackTitle "II"]
[WhiteElo "1442"]
[BlackElo "1028"]

1. d4 d6 2. c4 Nf6 3. Nc3 Nbd7 4. Nf3 e5 5. Bg5 h6 6. Bxf6 Qxf6 7. Nd5 Qd8 8. e3
c6 9. Nc3 Qb6 10. Qc2 exd4 11. Nxd4 Nf6 12. Be2 Bd7 13. h3 Be7 14. a3 a6 15. b4
O-O 16. O-O Qc7 17. Rfd1 Rfe8 18. Rac1 Bd8 19. Nf3 Be7 20. Rd2 Rad8 21. Rdd1 Ra8
22. Ra1 a5 23. b5 c5 24. Rd2 Be6 25. Rad1 Rad8 26. Ne4 Nxe4 27. Qxe4 b6 28. a4
Bf6 29. Qc2 Rd7 30. Bd3 Red8 31. Be4 Re7 32. Bd5 Qd7 33. Bc6 Qc7 34. Kf1 Bc8 35.
Kg1 Re6 36. Bd5 Re7 37. Bc6 Re6 38. Rd5 Bb7 39. Bxb7 Qxb7 40. Qf5 Qe7 41. Qc2
g6 42. R1d3 Bg7 43. Rd1 Bf6 44. R1d3 1/2-1/2

[Event "DRUZYNOWE MISTRZOSTWA POLSKI JUNIOROW - II LIGA"]
[Site "Szczyrk, CKiR Orle Gniazdo ul. Wrzosowa 28a"]
[Date "2014-07-27"]
[Round "4.108"]
[White "Pajdzik, Kamil"]
[Black "Niedbala, Wojciech"]
[Result "0-1"]
[WhiteTitle "II"]
[BlackTitle "I"]
[WhiteElo "1525"]
[BlackElo "1851"]

1. e4 c5 2. Nf3 d6 3. d4 cxd4 4. Nxd4 Nf6 5. Nc3 a6 6. Bc4 e6 7. O-O Be7 8. Re1
O-O 9. Qf3 Nbd7 10. Bg5 Ne5 11. Qe2 Nxc4 12. Qxc4 Bd7 13. Rad1 b5 14. Qd3 b4 15.
Nce2 Qa5 16. Bd2 Qb6 17. Be3 Qb7 18. Ng3 Ng4 19. Bc1 Ne5 20. Qe2 Rac8 21. Kh1
Nc6 22. Nxc6 Bxc6 23. Qg4 Kh8 24. f4 f5 25. exf5 Bxg2+ 26. Kg1 Bf3 27. Qh3 Bxd1
28. Rxd1 Qb6+ 29. Kh1 Qc6+ 30. Kg1 Qb6+ 31. Kh1 Rxc2 32. Bd2 Qc6+ 33. Kg1 Qc5+
34. Kf1 Qc4+ 35. Ne2 Rxf5 36. Qf3 Rd5 37. Qe3 Rd3 38. Qa7 Rf3+ 39. Ke1 Bh4+ 0-1

[Event "DRUZYNOWE MISTRZOSTWA POLSKI JUNIOROW - II LIGA"]
[Site "Szczyrk, CKiR Orle Gniazdo ul. Wrzosowa 28a"]
[Date "2014-07-27"]
[Round "4.110"]
[White "Brozyna, Mateusz"]
[Black "Andrzejewska, Maja"]
[Result "1-0"]
[WhiteTitle "II"]
[BlackTitle "II"]
[WhiteElo "1471"]
[BlackElo "1134"]

1. e4 c5 2. d4 e6 3. Nf3 d5 4. exd5 exd5 5. Bb5+ Bd7 6. Bxd7+ Qxd7 7. O-O b6 8.
Ne5 Qc7 9. Re1 Ne7 10. Qf3 f6 11. Qh5+ g6 12. Nxg6 hxg6 13. Qxh8 Nd7 14. Nc3 Qc6
15. dxc5 bxc5 16. Qh3 Rb8 17. Qd3 Kd8 18. b3 Rb4 19. Ba3 Rd4 20. Qb5 Qb6 21. Rad1
Rxd1 22. Rxd1 d4 23. Qxb6+ axb6 24. Ne2 Nd5 25. c3 c4 26. Bxf8 d3 27. Nc1 Nxc3
28. Rd2 Nb1 29. Bb4 Nxd2 30. Bxd2 b5 31. bxc4 bxc4 32. f3 Kc7 33. Kf2 Kc6 34.
Ke3 Kc5 35. Bc3 Nb6 36. Bd4+ Kb5 37. Bxb6 Kxb6 38. Nxd3 cxd3 39. Kxd3 Kb5 40.
Kd4 Ka4 41. Kd5 Ka3 42. Ke6 f5 43. Kf6 Kxa2 44. Kxg6 f4 45. Kg5 Kb3 46. Kxf4 Kc2
47. g4 Kd2 48. h4 Kd3 49. h5 Ke2 50. h6 Kd3 51. h7 Kd2 52. h8=Q Kd3 53. Qd8+ Ke2
54. Qd4 Kf1 55. Qb2 Ke1 1-0

[Event "DRUZYNOWE MISTRZOSTWA POLSKI JUNIOROW - II LIGA"]
[Site "Szczyrk, CKiR Orle Gniazdo ul. Wrzosowa 28a"]
[Date "2014-07-27"]
[Round "4.112"]
[White "Jarocka, Liwia"]
[Black "Jarmuzek, Karolina"]
[Result "0-1"]
[WhiteTitle "I"]
[BlackTitle "I+"]
[WhiteElo "1325"]
[BlackElo "1742"]

1. e4 c5 2. Nf3 Nc6 3. d4 cxd4 4. Nxd4 Nf6 5. Nc3 d6 6. Be3 e5 7. Ndb5 a6 8. Na3
Be7 9. f3 O-O 10. Qd2 b5 11. Nd5 Nxd5 12. exd5 Nb8 13. O-O-O Nd7 14. Kb1 Bb7 15.
g4 Rc8 16. g5 Nb6 17. Bxb6 Qxb6 18. Bd3 g6 19. h4 Kg7 20. h5 Qd8 21. Rdg1 Rc5
22. f4 exf4 23. b4 Rxd5 24. Qc3+ Re5 25. Rh4 Bxg5 26. Rhg4 Kg8 27. Qd2 Bf3 28.
hxg6 fxg6 29. Qh2 Qe7 30. Rxg5 Rxg5 31. Rf1 Rg2 32. Qh1 Bb7 33. Qh3 f3 34. Rh1
f2 35. Bxg6 Rxg6 0-1